00699nam a22001817a 4500999001700000008004100017020001500058050002100073100002200094245009900116260002900215300003300244504003400277650001900311650001200330942003600342952013900378 c29943d29943181113b xxu||||| |||| 00| 0 eng d a8172291876 aRA781.8 K37 2009 aKapadia Ramesh I. aPrimer of Universal Healing :bA new approach to coronary heart disease /c Ramesh I. Kapadia. aIndia :bNajivan,c2009. axxii, 104p. :bill. ;c19cm. aInclude Bibliographic details aHeart Disease. 2Health. 2lcccBOOKShRA781.8 K37 200902 00102lcc4070aMUCbMUCcGENd2018-11-13eChandaria Donation l2oRA781.8 K37 2009p38432r2019-03-20s2019-03-05w2018-11-13yBOOKS